000 00842nam a22001937a 4500
003 OSt
005 20251207141303.0
008 251207b |||||||| |||| 00| 0 eng d
040 _cDCL
082 _a၂၉၄.၃၈၂၂၃
100 0 _aဇနကာဘိဝံသ၊
_cအရှင်။
245 1 0 _aမဟာဝါဘာသာဋီကာ၊
_nဒုတိယအုပ် /
_cအရှင်ဇနကာဘိဝံသ။
250 _aပဥ္စမအကြိမ်။
264 _aအမရပူရ ၊
_bမဟာဂန္ဓာရုံစာပေ၊
_c၂၀၀၂။
300 _aဇ၊ ၆၃၀ စာမျက်နှာ ၊
_c၂၄ စင်တီ။
500 _aအမှတ်(၂၆) ကျမ်းစာ။
650 _aမဟာဝါ
_vဘာသာဋီကာ
942 _2ddc
_cSHORT TERM
_n0
999 _c2668
_d2668